Normal view
MARC view
- kaneez fatima
Entry Personal Name
001 - CONTROL NUMBER
- control field: 3218
003 - CONTROL NUMBER IDENTIFIER
- control field: NUST
005 - DATE AND TIME OF LATEST TRANSACTION
- control field: 20170711122548.0
008 - FIXED-LENGTH DATA ELEMENTS
- fixed length control field: 170711|| aca||aabn | a|a d
040 ## - CATALOGING SOURCE
- Original cataloging agency: NUST
- Transcribing agency: NUST
100 ## - HEADING--PERSONAL NAME
- Personal name: kaneez fatima
670 ## - SOURCE DATA FOUND
- Source citation: Work cat.: (NUST): kaneez fatima, TH-PHD-ASAB-Characterization of Pakistani HCV genogype 3a NS3 protease/helicase and development of robust in-vitro serine protease assay for anti-viral drug testing , 2013.
